Normal view
MARC view
Entry Personal Name
001 - CONTROL NUMBER
- control field: 265964
003 - CONTROL NUMBER IDENTIFIER
- control field: OSt
005 - DATE AND TIME OF LATEST TRANSACTION
- control field: 20260625095544.0
008 - FIXED-LENGTH DATA ELEMENTS
- fixed length control field: 260625|| aca||aabn | a|a d
040 ## - CATALOGING SOURCE
- Original cataloging agency: OSt
- Transcribing agency: OSt
100 ## - HEADING--PERSONAL NAME
- Personal name: Edward Netto
670 ## - SOURCE DATA FOUND
- Source citation: Work cat.: (OSt)107053: NETTO (Edi) ಎಡಿ ನೆಟ್ಟೊ 265962, Kudro., 2003